000 00299nam a22001337a 4500
008 170412b xxu||||| |||| 00| 0 eng d
020 _a9780683182149
041 _aeng
080 _a618
100 _a10
101 _aSHM
245 _aOBSTETRICS AND GYNECOLOGY
_cBOURGEOIS.F.J
942 _2udc
_cBK
999 _c10577
_d10577